000 00386nam a2200169Ia 4500
008 090711s9999 xx 000 0 und d
082 _b16780
100 _aमधुकर
245 _aरिंगण
260 _c1965
300 _a176
600 _aमधुकर
630 _aरिंगण
700 _aमधुकर
730 _aरिंगण
942 _cBOOK
999 _c295948
_d295948